<?xml version="1.0" encoding="UTF-8"?>
<record
    xmlns:xsi="http://www.w3.org/2001/XMLSchema-instance"
    xsi:schemaLocation="http://www.loc.gov/MARC21/slim http://www.loc.gov/standards/marcxml/schema/MARC21slim.xsd"
    xmlns="http://www.loc.gov/MARC21/slim">

  <leader>01096nam a2200349I  4500</leader>
  <controlfield tag="001">19328</controlfield>
  <controlfield tag="003">BD-RjUL</controlfield>
  <controlfield tag="005">20211209000422.0</controlfield>
  <controlfield tag="008">140224s1966    nyua     b    000 0 eng d</controlfield>
  <datafield tag="035" ind1=" " ind2=" ">
    <subfield code="a">(BD-RjUL)19387</subfield>
    <subfield code="a">MITb10241561</subfield>
  </datafield>
  <datafield tag="035" ind1=" " ind2=" ">
    <subfield code="a">(OCoLC)02381630</subfield>
  </datafield>
  <datafield tag="035" ind1=" " ind2=" ">
    <subfield code="a">GLIS00241561</subfield>
  </datafield>
  <datafield tag="040" ind1=" " ind2=" ">
    <subfield code="a">PPN</subfield>
    <subfield code="c">PPN</subfield>
    <subfield code="d">MYG</subfield>
    <subfield code="d">BD-RjUL</subfield>
    <subfield code="b">eng</subfield>
  </datafield>
  <datafield tag="041" ind1=" " ind2=" ">
    <subfield code="a">eng</subfield>
  </datafield>
  <datafield tag="082" ind1="0" ind2="4">
    <subfield code="a">675</subfield>
    <subfield code="b">SCI 1966</subfield>
  </datafield>
  <datafield tag="090" ind1=" " ind2=" ">
    <subfield code="a">TS967</subfield>
    <subfield code="b">.R325</subfield>
  </datafield>
  <datafield tag="099" ind1=" " ind2=" ">
    <subfield code="a">TS967.R325</subfield>
  </datafield>
  <datafield tag="245" ind1="1" ind2="0">
    <subfield code="a">Science for students of leather technology /</subfield>
    <subfield code="c">Volume editor: R. Reed.</subfield>
    <subfield code="n">Volume : 1</subfield>
  </datafield>
  <datafield tag="250" ind1=" " ind2=" ">
    <subfield code="a">[1st ed.]</subfield>
  </datafield>
  <datafield tag="260" ind1=" " ind2=" ">
    <subfield code="a">Oxford ;</subfield>
    <subfield code="a">New York :</subfield>
    <subfield code="b">Pergamon Press,</subfield>
    <subfield code="c">c1966.</subfield>
  </datafield>
  <datafield tag="300" ind1=" " ind2=" ">
    <subfield code="a">ix, 278p.</subfield>
    <subfield code="b">illus.</subfield>
    <subfield code="c">20cm.</subfield>
  </datafield>
  <datafield tag="490" ind1="1" ind2=" ">
    <subfield code="a">A modern course in leather technology,</subfield>
    <subfield code="v">v.1</subfield>
  </datafield>
  <datafield tag="500" ind1=" " ind2=" ">
    <subfield code="a">The Commonwealth and international library. Technology division.</subfield>
  </datafield>
  <datafield tag="504" ind1=" " ind2=" ">
    <subfield code="a">Includes bibliographical references.</subfield>
  </datafield>
  <datafield tag="650" ind1=" " ind2="0">
    <subfield code="a">Leather.</subfield>
    <subfield code="9">28959</subfield>
  </datafield>
  <datafield tag="650" ind1=" " ind2="0">
    <subfield code="a">Tanning.</subfield>
    <subfield code="9">59439</subfield>
  </datafield>
  <datafield tag="830" ind1=" " ind2="0">
    <subfield code="v">v. 1.</subfield>
    <subfield code="9">59446</subfield>
  </datafield>
  <datafield tag="700" ind1="1" ind2=" ">
    <subfield code="a">Reed, Ronald.</subfield>
    <subfield code="9">59441</subfield>
  </datafield>
  <datafield tag="830" ind1=" " ind2="0">
    <subfield code="a">Modern course in leather technology ;</subfield>
    <subfield code="9">59447</subfield>
  </datafield>
  <datafield tag="942" ind1=" " ind2=" ">
    <subfield code="2">ddc</subfield>
    <subfield code="c">BK</subfield>
  </datafield>
  <datafield tag="999" ind1=" " ind2=" ">
    <subfield code="c">19328</subfield>
    <subfield code="d">19328</subfield>
  </datafield>
  <datafield tag="952" ind1=" " ind2=" ">
    <subfield code="0">0</subfield>
    <subfield code="1">0</subfield>
    <subfield code="2">ddc</subfield>
    <subfield code="4">0</subfield>
    <subfield code="7">0</subfield>
    <subfield code="a">RUCL</subfield>
    <subfield code="b">RUCL</subfield>
    <subfield code="c">Stack</subfield>
    <subfield code="d">1966-06-26</subfield>
    <subfield code="e">Mirza book agency</subfield>
    <subfield code="g">26.25</subfield>
    <subfield code="l">0</subfield>
    <subfield code="o">675 SCI 1966 V-1</subfield>
    <subfield code="r">2014-02-24 00:00:00</subfield>
    <subfield code="t">C-2</subfield>
    <subfield code="w">2014-02-24</subfield>
    <subfield code="y">BK</subfield>
  </datafield>
  <datafield tag="952" ind1=" " ind2=" ">
    <subfield code="0">0</subfield>
    <subfield code="1">0</subfield>
    <subfield code="2">ddc</subfield>
    <subfield code="4">0</subfield>
    <subfield code="7">0</subfield>
    <subfield code="8">NFIC</subfield>
    <subfield code="a">RUCL</subfield>
    <subfield code="b">RUCL</subfield>
    <subfield code="c">Stack</subfield>
    <subfield code="d">1977-04-16</subfield>
    <subfield code="e">W. Heffer and Sons</subfield>
    <subfield code="g">2.50</subfield>
    <subfield code="l">0</subfield>
    <subfield code="o">675 SCI V-1 1966</subfield>
    <subfield code="r">2014-02-25 00:00:00</subfield>
    <subfield code="t">C-3</subfield>
    <subfield code="w">2021-12-09</subfield>
    <subfield code="y">BK</subfield>
  </datafield>
  <datafield tag="952" ind1=" " ind2=" ">
    <subfield code="0">0</subfield>
    <subfield code="1">0</subfield>
    <subfield code="2">ddc</subfield>
    <subfield code="4">0</subfield>
    <subfield code="7">1</subfield>
    <subfield code="8">NFIC</subfield>
    <subfield code="a">RUCL</subfield>
    <subfield code="b">RUCL</subfield>
    <subfield code="c">Reading</subfield>
    <subfield code="d">1967-06-26</subfield>
    <subfield code="e">Mirza Book agency</subfield>
    <subfield code="g">25.25</subfield>
    <subfield code="l">0</subfield>
    <subfield code="o">675 SCI V-1 1966</subfield>
    <subfield code="r">2017-04-13 00:00:00</subfield>
    <subfield code="t">C-1</subfield>
    <subfield code="w">2017-04-13</subfield>
    <subfield code="y">BK</subfield>
  </datafield>
</record>
